Responses for Show #2914 - Thursday, April 10, 1997

Contestants

[<< previous game]

Rachel Berson, a homemaker from Danbury, Connecticut

John Foster, a product manager originally from Cape Cod, Massachusetts

Doug Szafran, a math teacher from Frederick, Maryland (whose 1-day cash winnings total $8,801)

[next game >>]

Jeopardy! Round responses

THE 1990s
AMERICAN MUSIC FESTIVALS
TELEVISION
THE PLANETS
FRENCH CUISINE
"C" YOU AT THE MOVIES
    $100 2
Saddam Hussein

Rachel
    $100 16
Saw

John
    $100 1
Laverne & Shirley

John
    $100 15
Earth

Rachel
    $100 9
Anchovies

Rachel
    $100 4
"Call Me"

John
    $200 5
Hosni Mubarak

Doug
    $1,200 20
Elvis Presley

John
    $200 3
Teaching

Rachel
    $200 21
Mars

Doug
    $200 10
Butter

Rachel
    $200 14
Caddyshack

Doug
    $300 17
Western Union

John
    $300 24
Michigan

Rachel
    $300 6
Jane Seymour

John
    $300 22
Saturn

Rachel
    $300 11
Turtle

Rachel
    $300 23
(D: What is "Outbreak?")

Coma

DougJohn
    $400 18
Jaguar

Rachel
    $400 29
(R: What is Santa Fe?)

Albuquerque

JohnRachel
    $400 7
The Mary Tyler Moore Show

Doug
    $400 27
Neptune

Rachel
    $400 12
Cherries

Rachel
    $400 25
Charade

Triple Stumper
    $500 19
Thailand

John
    $500 30
(R: What is Norfolk?)

Newport

JohnRachel
    $500 8
Maude

Rachel
    $500 28
Pluto

Doug
    $500 13
(Alex: Well done in that category!)

Duck

Rachel
    $500 26
Camille

Rachel

Scores at the first commercial break (after clue 15):

Doug John Rachel
$800 $500 $2,400

Scores at the end of the Jeopardy! Round:

Doug John Rachel
$1,200 $3,800 $3,400

Double Jeopardy! Round responses

THE EMERALD ISLE
BLACK AMERICANS
REDHEADS
THE WHITE HOUSE
BLUE LITERATURE
GRAY MATTERS
    $200 2
Pubs

Rachel
    $200 25
Malcolm X

Rachel
    $200 1
Nicole Kidman

John
    $200 19
War of 1812

Doug
    $200 15
Sherlock Holmes

Doug
    $200 10
Cells

Rachel
    $400 7
Dublin

John
    $400 26
Frederick Douglass

Doug
    $400 3
Lucille Ball

Doug
    $400 20
Amy Carter

Doug
    $400 16
Erica Jong

Doug
    $400 11
Tumors

Doug
    $2,400 8
(J: No.)

Limerick

John
    $600 27
Joycelyn Elders

Rachel
    $600 4
Antonio Vivaldi

Rachel
    $600 21
Lincoln Bedroom

Rachel
    $600 17
Thomas Hardy

Doug
    $600 12
Right

Doug
    $800 9
Waterford

Rachel
    $800 28
Toni Morrison

Doug
    $800 5
Margaret Sanger

Doug
    $800 23
Daniel Webster

Doug
    $800 18
Louis L'Amour

Triple Stumper
    $800 13
Cortex

Doug
    $1000 30
(J: What is Cork?)
(Alex: Doug or Rachel? - ah, with a tie for the lead at $7,600, neither one of you wants to ring in & be wrong on this one.)

Ulster

John
Triple Stumper
    $1000 29
Ralph Bunche

Doug
    $2,400 6
(D: Who is Truman Capote?)

George Bernard Shaw

Doug
    $1000 24
(R: Who was Ronald Reagan?)

Harry S. Truman

DougRachel
    $1000 22
Langston Hughes

Rachel
    $1000 14
Synapses

Rachel

Scores at the end of the Double Jeopardy! Round:

Doug John Rachel
$7,600 $1,000 $7,600

[wagering suggestions for these scores]

Final Jeopardy! Round responses

NAVAL HEROES
JohnWho is Farragut
$50
RachelWho was Farragut?
$7,600
DougWho was Farragut?
$7,600
Admiral David Farragut

Final scores:

Doug John Rachel
$15,200 $1,050 $15,200
2-day co-champion: $24,001 2nd place: Trip & Cruise to The Moorings, Tortola, British Virgin Islands New co-champion: $15,200

Game dynamics:

Coryat scores:

Doug John Rachel
$10,000 $2,400 $7,600
20 R,
2 W
(including 1 DD)
12 R
(including 1 DD),
2 W
(including 1 DD)
23 R,
3 W

Combined Coryat: $20,000

[game clues] [game scores] [suggest correction]

Game tape date: 1996-12-17
The J! Archive is created by fans, for fans. Scraping, republication, monetization, and malicious use prohibited; this site may use cookies and collect identifying information. See terms. The Jeopardy! game show and all elements thereof, including but not limited to copyright and trademark thereto, are the property of Jeopardy Productions, Inc. and are protected under law. This website is not affiliated with, sponsored by, or operated by Jeopardy Productions, Inc. Join the discussion at JBoard.tv.